Tadabbur surah Yusuf: (No. rekod 1805)

000 -LEADER
fixed length control field 01394pam a2200265 i 4500
003 - CONTROL NUMBER IDENTIFIER
control field KPN
005 - DATE AND TIME OF LATEST TRANSACTION
control field 20260410171044.0
008 - FIXED-LENGTH DATA ELEMENTS--GENERAL INFORMATION
fixed length control field 20260410b 00| 0 my d
020 ## - INTERNATIONAL STANDARD BOOK NUMBER
International Standard Book Number 9789673884544
Qualifying information paperback
Terms of availability RM39.00
040 ## - CATALOGING SOURCE
Transcribing agency KPN
082 04 - DEWEY DECIMAL CLASSIFICATION NUMBER
Classification number 297.122 MAA 2019
Edition number 23
090 00 - LOCALLY ASSIGNED LC-TYPE CALL NUMBER (OCLC); LOCAL CALL NUMBER (RLIN)
Classification number (OCLC) (R) ; Classification number, CALL (RLIN) (NR) 297.122 MAA 2019
Local cutter number (OCLC) ; Book number/undivided call number, CALL (RLIN) MAA
100 0# - MAIN ENTRY--PERSONAL NAME
Personal name Mohd. Azrul Azlen Abd. Hamid,
Titles and words associated with a name Dr.,
Relator term author.
245 10 - TITLE STATEMENT
Title Tadabbur surah Yusuf:
Remainder of title Cerita sahih daripada al-Quran/
Statement of responsibility, etc. Dr. Mohd Azrul Azlen Abd Hamid, Muhammad Faris Izzuddin Radzuan; Editor Syariah: Muhammad Nazmi Zafran Shafie
264 #1 - PRODUCTION, PUBLICATION, DISTRIBUTION, MANUFACTURE, AND COPYRIGHT NOTICE
Place of production, publication, distribution, manufacture Kuala Lumpur :
Name of producer, publisher, distributor, manufacturer Telaga Biru Sdn. Bhd.,
Date of production, publication, distribution, manufacture, or copyright notice 2019
300 ## - PHYSICAL DESCRIPTION
Extent xix, 275 pages :
Other physical details colour illustrations ;
Dimensions 23 cm
500 ## - GENERAL NOTE
General note Contains verses from the Qur'an
504 ## - BIBLIOGRAPHY, ETC. NOTE
Bibliography, etc. note Bibliography: page 275<br/><br/>Kisah Nabi Yusuf a.s merupakan antara kisah terbaik disebabkan oleh banyak faktor dari segi pengisahan dan isi kandungannya. Kisah agung ini memaparkan gambaran sifat sabar seorang hamba yang menghadapi ujian yang sangat berat daripada ujian dibuang oleh adik-beradik sendiri, dilemparkan fitnah melakukan perbuatan keji, dimasukkan ke dalam penjara serta pelbagai perkara lagi.
630 00 - SUBJECT ADDED ENTRY--UNIFORM TITLE
Uniform title Qur'an.
Name of part/section of a work Surat Yusuf
General subdivision Criticism, interpretation, etc.
Uniform title Qur'an
General subdivision Appreciation
Uniform title Qur'an
General subdivision Readings
700 0# - ADDED ENTRY--PERSONAL NAME
Personal name Muhammad Faris Izzuddin Radzuan,
Relator term author.
Personal name Muhammad Nazmi Zafran Shafie,
Relator term editor.
942 ## - ADDED ENTRY ELEMENTS (KOHA)
Source of classification or shelving scheme
Koha item type Book
Suppress in OPAC No
Pemilik
Withdrawn status Lost status Source of classification or shelving scheme Damaged status Not for loan Collection code Home library Current library Shelving location Date acquired Total Checkouts Full call number Barcode Date last seen Price effective from Koha item type
          Non-fiction Perpustakaan Kementerian Perpaduan Malaysia Perpustakaan Kementerian Perpaduan Malaysia Non- Fiction Rack - Religion 10/04/2026   297.122 MAA 2019 KPN26040039 10/04/2026 10/04/2026 Book